| 000 | 00751nam a2200205Ia 4500 | ||
|---|---|---|---|
| 003 | GCL | ||
| 008 | 140319s9999 xx 000 0 ara d | ||
| 040 |
_aGCL / _cGCL |
||
| 082 | 0 | 4 |
_a327.114 _bف م |
| 100 | 1 | _aفؤاد سروجى | |
| 245 | 1 | 0 |
_aالمياه للمستقبل : _bالضفة الغربية ، قطاع غزة ، اسرائيل والاردن / _cفؤاد سروجى |
| 250 | _aالاولى | ||
| 260 |
_aالاردن : _bالاهلية للنشر والتوزيع ، _c2003 |
||
| 300 |
_a266 ص ؛ _c24 سم |
||
| 650 | 0 | 4 | _aالاتفاقيات الدولية |
| 650 | 0 | 4 | _aالمياه |
| 650 | 0 | 4 | _aاسرائيل - معاهدات |
| 650 | 0 | 4 | _aمصادر المياه - الجوانب الاجتماعية |
| 942 |
_2ddc _cBK |
||
| 999 |
_c5826 _d5826 |
||